|
|
|
|
| LEADER |
00601nam a2200193 4500 |
| 020 |
|
|
|a 8177081268
|c 1475(2)
|
| 082 |
|
|
|a 330.954 SAR
|
| 100 |
|
|
|a Sarngadharan, M; Rajitha Kumar, S, Eds.
|
| 245 |
|
|
|a Indian Economy in the Globalised World.Vol.II
|c Sarngadharan, M; Rajitha Kumar, S, Eds.
|
| 250 |
|
|
|
| 260 |
|
|
|a New Century Publications, Delhi
|c 2006
|
| 300 |
|
|
|a 474 p
|
| 490 |
|
|
|
| 500 |
|
|
|
| 590 |
|
|
|
| 650 |
|
|
|a Indian economy
|
| 942 |
|
|
|c BK
|
| 999 |
|
|
|c 139674
|d 139674
|
| 952 |
|
|
|0 0
|1 0
|4 0
|6 330_954000000000000_SAR
|7 0
|9 153134
|a IMK
|b IMK
|g 1475.00
|l 0
|o 330.954 SAR
|p IMK06680
|r 2019-10-25
|w 2019-10-25
|y BK
|